|
|
|
|
| LEADER |
00000nab a2200000 a 4500 |
| 001 |
vtls000607188 |
| 003 |
SK-MaSNL |
| 005 |
20260304040454.0 |
| 008 |
160324c1996 xo 0 slo |
| 015 |
|
|
|a SNBRB19rr/mm-uuuuu
|
| 035 |
|
|
|a CL0607327
|
| 040 |
|
|
|a SNKBUCL
|b slo
|c SNKBUCL
|e AACR2
|
| 041 |
0 |
|
|a slo
|
| 044 |
|
|
|a xo
|c SK
|
| 080 |
|
|
|a 323(437.1/.2)
|2 1981
|
| 100 |
1 |
|
|a Hrudková, Marcela
|4 aut
|9 889979
|
| 245 |
1 |
0 |
|a Kalvoda rezignoval, v pozadí je možno vydieranie
|b Vybuchla nečakaná bomba na českej politickej scéne
|c Marcela Hrudková
|
| 650 |
0 |
7 |
|a vnútorná politika
|2 snkbucl
|9 970
|
| 651 |
|
7 |
|a Česko
|2 snkbucl
|9 16753
|
| 655 |
|
7 |
|a články z novín a časopisov
|2 snkbucl
|9 267496
|
| 700 |
1 |
|
|a Kalvoda, Jan,
|d 1953-
|4 aut
|9 82362
|
| 773 |
0 |
|
|t Slovenská republika
|g Roč. 4, č. 295 (18. 12. 1996), s. 7
|
| 850 |
|
|
|a Slovenská národná knižnica v Martine
|a MTA001
|
| 852 |
|
|
|a SNK
|b KIS3GCP
|
| 958 |
|
|
|a CZ
|
| 958 |
|
|
|a RK
|
| 999 |
|
|
|c 2663513
|d 2665443
|